000 00497nam a2200181Ia 4500
001 9383
005 20260306161714.0
008 260306t2015||||xx |||||||||||||| ||spa||
041 _aESP
082 _a378.17
_bV65
100 _aVillardón-Gallego, Lourdes
_eAUT
245 0 _aCompetencias genéricas en educación superior:
_bmetodologías específicas para su desarrollo
260 _c2015
300 _a190 páginas :
_c23 cm.
650 _aGEN
654 _aCED
942 _cLIB
_dJUS
_fJUS
_2ddc
_n
999 _c9383
_d9383